000 00521nam a2200229Ia 4500
001 121272
003 YMCAF
005 20230512163920.0
008 220721s2008 ||||||||||||||||| ||und|d
020 _a9781416522331
024 _a121272
035 _aG1310
040 _aYMCAF
_beng
_cIN-KoLT
041 _aeng
082 _a813.6
_bGRE
100 _aGreanias, Thomas
245 0 _aAtlantis prophecy
260 _aLondon
_bPocket books
_c2008
300 _a367 p.
653 _aEnglish Fiction
942 _2ddc
_cBK
999 _c17823
_d17823